000 00412nam a2200157Ia 4500
008 231217s9999 xx 000 0 und d
041 _aEnglish
082 _a001.6424C LAF1;1 R
100 _aLafore, Robert
245 0 _aObject oriented programming in C++
250 _a4th ed.
260 _c2002
_bTechmedia
_aNew Delhi
300 _axix+1012
650 _aObject,oriented,programming,C++
942 _cAA
999 _c175726
_d175726